[Event "Sousse BICA op 1st"]
[Site "Sousse"]
[Date "2021.12.26"]
[Round "4"]
[White "Ftiees, Salah"]
[Black "Al Qudaimi, Basheer"]
[Result "0-1"]
[WhiteElo "1797"]
[BlackElo "2440"]
[PlyCount "84"]
[EventDate "2021.12.24"]
[EventType "swiss"]
[EventRounds "9"]
[EventCountry "TUN"]
[SourceTitle "CBM 205 Extra"]
[Source "ChessBase"]
[SourceDate "2022.01.31"]
[SourceVersion "1"]
[SourceVersionDate "2022.01.31"]
[SourceQuality "1"]

1. d4 Nf6 2. Nf3 e6 3. Bf4 d5 4. e3 Bd6 5. Bg3 c5 6. Nbd2 Qb6 7. Rb1 Nbd7 8. c3 Qc7 9. Bd3 0-0 10. a3 e5 11. dxe5 Nxe5 12. Nxe5 Bxe5 13. f4 Bd6 14. 0-0 Re8 15. Re1 c4 16. Bc2 Bc5 17. Nf1 Bg4 18. Qd2 Rad8 19. h3 Bc8 20. Kh1 Ne4 21. Qc1 Bf5 22. Bxe4 Bxe4 23. Ra1 Bd3 24. Bf2 Rd6 25. Nh2 Be4 26. Qd1 Qb6 27. Ra2 Rde6 28. Nf3 Qb3 29. Qxb3 cxb3 30. Raa1 Bxf3 31. gxf3 Bxe3 32. Bg3 Bc5 33. Re5 b6 34. Rxd5 Re2 35. Rb1 f6 36. f5 Rc2 37. Rd3 h5 38. c4 Re3 39. Rxe3 Bxe3 40. Be1 Bd4 41. Bc3 Bxc3 42. bxc3 b2 0-1

[Event "Djerba Go Makkah op-B"]
[Site "Djerba"]
[Date "2020.02.20"]
[Round "5"]
[White "Ayoub, Hosam"]
[Black "Ftiees, Salah"]
[Result "0-1"]
[WhiteElo "1970"]
[BlackElo "1841"]
[PlyCount "70"]
[EventDate "2020.02.16"]
[EventType "swiss"]
[EventRounds "9"]
[EventCountry "TUN"]
[SourceTitle "EXT 2021"]
[Source "ChessBase"]
[SourceDate "2020.10.23"]
[SourceVersion "1"]
[SourceVersionDate "2020.10.23"]
[SourceQuality "1"]

1. e4 e5 2. Nf3 Nc6 3. Bc4 Be7 4. 0-0 Nf6 5. Re1 d6 6. h3 0-0 7. c3 h6 8. d4 Qe8 9. d5 Na5 10. Bf1 b6 11. b4 Nb7 12. Ba6 Nh7 13. Be3 Rb8 14. Na3 Bd7 15. Nb5 Bxb5 16. Bxb7 Rxb7 17. a4 Bd7 18. c4 f5 19. exf5 Rxf5 20. c5 bxc5 21. bxc5 dxc5 22. d6 e4 23. dxe7 exf3 24. Rc1 Nf6 25. Bxc5 Qg6 26. g3 Be8 27. Qd4 c6 28. Qd6 Qh5 29. h4 Qg4 30. Kh2 Kh8 31. Qd4 Qh5 32. Ba3 Rd7 33. Qc3 Rfd5 34. Kg1 Rd4 35. Qc5 R7d5 0-1